| 000 | 00497nam a2200145Ia 4500 | ||
|---|---|---|---|
| 008 | 100122s9999 xx 000 0 und d | ||
| 082 |
_b17533 _a181.4 |
||
| 100 | _aवैद्य श्री म | ||
| 245 | _aषट्चक्र दर्शन व भेदन | ||
| 260 |
_bशि.ना.कस्तुर _c1962 |
||
| 300 | _a132 | ||
| 630 | _aषट्चक्र दर्शन व भेदन | ||
| 730 | _aषट्चक्र दर्शन व भेदन | ||
| 942 | _cBOOK | ||
| 999 |
_c407205 _d407202 |
||